Представление документа в формате RUSMARC

ПолеНазваниеЗначение
  Тип записи a
  Библиографический уровень m
001 Контрольный номер db35d5e1da24479580329397907f7bb1
005 Дата корректировки 20251219111759.9
010 Индекс ISBN __
a ISBN 978-5-8370-0872-6
b Уточнения в пер.
9 Тираж 500 экз.
d Цена 566-00
100 Данные общей обработки __
a Данные общей обработки 20241212d2024 m y0rusy028902 ca
101 Язык документа 1_
a Язык текста rus
c Язык оригинала fre
102 Страна публикации __
a Страна публикации RU
105 Кодированные данные (монография) __
a Кодированные данные (монография) y z 000ay
181 Поле кодированных данных: вид содержания _0
a Код вида содержания (ISBD) i
182 Поле кодированных данных: тип средства _0
a Код типа средства (ISBD) n
200 Заглавие и сведения об ответственности 1_
a Заглавие Ловушка для Золушки
e Сведения, относящиеся к заглавию роман
f Первые сведения об ответственности Себастьян Жапризо
g Последующие сведения об ответственности перевод с французского Марианны Таймановой
203 Вид содержания и тип средства __
c Тип средства непосредственный
a Вид содержания Текст
210 Выходные данные 1_
a Место издания Санкт-Петербург
c Издательство Лимбус Пресс
c Издательство Издательство К. Тублина
d Дата издания 2024
215 Физическое описание __
a Объем 211, [2] с.
d Формат 21 см
225 Серия 2_
a Серия Детективы Себастьяна Жапризо
300 Общие примечания __
a Общие примечания Автор не указан на обложке
320 Библиография __
a Библиография Другие произведения автора в конце книги
330 Аннотация __
a Аннотация Новый перевод одного из самых знаменитых романов Себастьяна Жапризо – классика детективного жанра, автора таких произведений как «Дама в автомобиле, в очках и с ружьем», «Купе смертников», «Убийственное лето» и др. Сразу после публикации этот роман был удостоен Гран-при французской детективной литературы. Героиня романа, получив во время пожара сильные ожоги, изменившие ее внешность, теряет память и пытается заново воссоздать свою жизнь, чтобы понять – кто же она на самом деле. До последних страниц для читателя остается загадкой: было ли вообще совершено преступление и кто остался в живых – преступница или жертва.
333 Примечание о целевом назначении __
a Примечание о целевом назначении 16+. Для детей старше 16 лет
454 Оригинал _0
1 2001
a Piege pour Cendrillon
f Sebastien Japrisot
1 700 1
a Japrisot
g Sebastien
b S.
606 Тематические рубрики __
a Основная рубрика Художественная литература
2 Код системы nlr_sh
606 Тематические рубрики __
2 Код системы nlr_sh
a Основная рубрика Литература Европы (произведения)
y Географическая подрубрика Франция
z Хронологическая подрубрика 20 в.
610 Ключевые слова 0_
a Ключевые слова зарубежная литература
610 Ключевые слова 0_
a Ключевые слова современная литература
610 Ключевые слова 0_
a Ключевые слова французская литература
610 Ключевые слова 0_
a Ключевые слова романы
610 Ключевые слова 0_
a Ключевые слова детективы
610 Ключевые слова 0_
a Ключевые слова детективные романы
610 Ключевые слова 0_
a Ключевые слова психологические детективы
610 Ключевые слова 0_
a Ключевые слова авантюрная проза
610 Ключевые слова 0_
a Ключевые слова авантюрные детективы
610 Ключевые слова 0_
a Ключевые слова тема изменения внешности
610 Ключевые слова 0_
a Ключевые слова изменение внешности
610 Ключевые слова 0_
a Ключевые слова тема преступников
610 Ключевые слова 0_
a Ключевые слова тема жертв
610 Ключевые слова 0_
a Ключевые слова книги-лауреаты
610 Ключевые слова 0_
a Ключевые слова экранизации
610 Ключевые слова 0_
a Ключевые слова экранизированные книги
686 Индексы других классификаций __
2 Код системы rubbks
a Классификационный индекс 84(4Фра)6-445; ст84(4Фра)-445
700 Автор _1
a Фамилия Жапризо
b Имя С.
g Полное личное имя Себастьян
f Даты 1931-2003
4 Код отношения 070
702 Вторичная интеллектуальная ответственность _1
a Фамилия Тайманова
b Имя М. Е.
g Полное личное имя Марианна Евгеньевна
4 Код отношения 730
f Даты 1950-
801 Источник записи _0
b Организация Муниципальное бюджетное учреждение культуры "Централизованная библиотечная система" г. Сургут (Центральная городская библиотека им. А. С. Пушкина)
a Страна RU
c Дата составления 20241212
g Правила каталогизации PSBO
801 Источник записи _1
b Организация Муниципальное бюджетное учреждение культуры "Централизованная библиотечная система" г. Сургут (Центральная городская библиотека им. А. С. Пушкина)
a Страна RU
c Дата составления 20241212
g Правила каталогизации PSBO
852 Данные о местонахождении __
i Авторский знак Ж 33
j Шифр хранения 84(4Фра)6-445
900 Макрообъекты __
a Макрообъекты Ловушка для Золушки. Жапризо, С.,2024
901 Тип документа __
a Ответственный ООФиК/Губина
t Тип документа m
903 Характеристики (МАРС) __
a Дата передачи 20241212
c Наименование библиотеки (МАРС) Муниципальное бюджетное учреждение культуры "Централизованная библиотечная система" г. Сургут (Центральная городская библиотека им. А. С. Пушкина)
990 Данные о заказе (DOS) __
j Количество экземпляров (DOS) 8
t N записи в КСУ для И/У (DOS) 202501